000 00536 a2200169 4500
005 20250612131334.0
020 _a978-1-84480-574-7
082 _aLECT 658.403 CUR
100 _aCURWIN, J.
245 _aQuantitative Methods for Business Decisions.
250 _a6th Ed.
260 _aAustralia,
_bCengage Learning,
_c2008.
300 _axix, 790p.: figure, table.
_bGlossary & Index,
_c24cm.
700 _aSLATER, R.
856 _yAccess Online Book
_fQuantitative Methods for Business Decisions
_dwww.cengage.co.uk
942 _2ddc
_cBKS
999 _c3084
_d3084